000 00514nam a22001817a 4500
005 20260119103959.0
008 260119b |||||||| |||| 00| 0 eng d
020 _a978--0-321-01631-9
050 _aQA 303 .L53 1998
100 _aLIAL, MARGARET L.
245 _aCALCUS WITH APPLICATION
250 _a6TH
260 _aNEW YORK
_bADDISON-WESLEY EDUCATIONAL PUBLISHERS
_c1998
300 _aXLVII,625P.
500 _aINCLUDES INDEX
700 _a1. GREENWELL, RAYMOND N. 2. MILLER, CHARLES
942 _2lcc
_cBK
999 _c216477
_d216477